00413nam a22001577a 450000500170000000800410001702400090005804000070006704100080007408200180008210000130010024500240011326000420013736500580017944000180023720241209151614.0241209b ||||| |||| 00| 0 eng d 2D-11 cAL aeng 223a345bBARD aBare Act ae Dentists Act 1948 aNew DelhibUniversal LexisNexisc2024 2Lawa1060b₹ 91.25c₹d₹125.00e27%f28/11/2024 aBare Act 2024